000 00958nam a22002897a 4500
001 4845
003 FISKH
005 20241017150846.0
008 241017b cb ||||| |||| 00| 0 eng d
020 _a9781416949688
040 _aFISKH
_beng
_cFISKH
_dFISKH
050 _aPZ7.C7878
082 _a823.914
100 _aCooper, Susan
245 _aSilver on the Tree /
_cby Susan Cooper
260 _aNew York :
_bSimon Pulse ;
_c1977 .
300 _a274 pages :
_billustrations ;
_c20 cm .
490 _aThe Dark is Rising Sequence
_vBook 5
505 _aY
520 _aJane's invitation to witness the making of the Greenwitch begins a series of sinister events in which she and her two brothers help the Old Ones recover the grail stolen by the Dark. â–¾Members
521 8 _a890
_bLexile
521 8 _aY
_bRaz-Plus
650 _afantasy
_vfiction
700 _aJulie, Dillon
_eartist
942 _2ddc
_cBK
_n0
999 _c4845
_d4845